my top 150 mma fighters - Statistics

General Stats
  • This quiz has been taken 5 times
  • The average score is 14 of 150
Answer Stats
Hint Answer % Correct
Notorious Conor McGregor
75%
The Legend Frank Shamrock
75%
Rush Georges St-Pierre
75%
Worlds Most Dangerous Man Ken Shamrock
75%
N/A Timothy Johnson
75%
Smooth Benson Henderson
50%
N/A Brock Lesnar
50%
Hendo Dan Henderson
50%
Tank David Abbott
50%
Borz Khamzat Chimaev
50%
The Baddy Paddy Pimblett
50%
No Mercy Petr Yan
50%
Rampage Quinton Jackson
50%
Rowdy Ronda Rousey
50%
Tarzan Sean Strickland
50%
N/a Stipe Miocic
50%
The Great Alexander Volkanovski
25%
Drago Alexander Volkov
25%
The Pitbull Andrei Arlovski
25%
N/A Brian Johnston
25%
All American Chris Weidman
25%
the iceman Chuck Liddell
25%
N/A forrest griffin
25%
Triple C Henry Cejudo
25%
The Highlight Justin Gaethje
25%
KImbo Slice Kevin Ferguson
25%
The Hammer Mark Coleman
25%
The Smashing Machine Mark kerr
25%
The Immortal Matt Brown
25%
Farmboy Matt Hughes
25%
Ace Rich Franklin
25%
Honey Badger Tom Aspinall
25%
Bullet Valentina Shevchenko
25%
The Phenom Vitor Belfort
25%
Axe Murderer Wanderlei SIlva
25%
The Talent Alan Belcher
0%
Grim Aleksander Emelianenko
0%
Vibora Alexa Grasso
0%
The Mauler Alexander Gustafsson
0%
Lioness Amanda Nunes
0%
Minotauro Antonio Rodrigo Nogueira
0%
Remeber the name Belal Muhammad
0%
Funky Ben Askren
0%
Big Ben Ben Rothwell
0%
Pitbull Bethe Correia
0%
N/A Bobby Lashley
0%
Bo Pickle Bo Nickal
0%
Big Brown Brendan Schaub
0%
Thug Nasty Bryce Mitchell
0%
Cardio Cain Velasquez
0%
Uno Shoten Caol Uno
0%
Cookie Monster Carla Esparza
0%
Natural Born Killer Carlos Condit
0%
Alpha Cat Zingano
0%
The American Gangster Chael Sonnen
0%
Crazy Horse Charles Bennett
0%
N/A Cheick Kongo
0%
Cyborg Chris Cyborg
0%
Crippler Chris Leben
0%
The Carpenter Clay Guida
0%
No Love Cody Garbrandt
0%
Chaos Colby Covington
0%
Hangman Dan Hooker
0%
The Beast Dan Severn
0%
N/A Dennis Siver
0%
N/A Derek Brunson
0%
El Nino Diego Lopes
0%
Dominator Dominick Cruz
0%
The Predator Don Frye
0%
The Last Emperor Fedor Emelianenko
0%
The Answer Frankie Edgar
0%
Twinkle Toes Frank Trigg
0%
Big Daddy Gary Goodridge
0%
N/A Gerard Gordeau
0%
Hurricane Gilbert Yvel
0%
Conviction Gina Carano
0%
Prince of war Greg Hardy
0%
Gunni Gunnar Nelson
0%
The Sandman Guy Mezger
0%
Texas Crazy Horse Heath Herring
0%
Golden Judo Master Hidehiko Yoshida
0%
Assassin Houston Alexander
0%
Ice Cold Igor Vovchanchyn
0%
Bigi Boy Jairzinho Rozenstruik
0%
N/A Jake Shields
0%
Colossus James Thompson
0%
Polish Power Jan Blachowicz
0%
Lil EVil Jens Pulver
0%
Lil Heathens Jeremy Stephens
0%
N/A Jerry Bohlander
0%
A-10 Jim Miller
0%
BJP Jiri Prochazka
0%
Violence Joanna Jedrzejczyk
0%
N/A Johnny Walker
0%
Big Rig Johny Hendricks
0%
Gamebred Jorge Masvidal
0%
Warmaster Josh Barnett
0%
CC0 Josh Emmett
0%
Venezuelan Vixen Juilianna Pena
0%
Cigano Junior Dos Santos
0%
Gracie Hunter Kazushi Sakuraba
0%
Ol Iron Head Kazuyuki Fujita
0%
Giant Killer Keith Hackney
0%
Dean Of Mean Keith Jardine
0%
The Monster Kevin Randleman
0%
war Horse Khalil Rountree
0%
Polish Experiment Krzysztof Soszynski
0%
N/A Luke Rockhold
0%
N/A Mac Danzig
0%
Big Ank Magomed Ankalaev
0%
King of the streets Marco Ruas
0%
N/A Matt Hamill
0%
The Law Matt Lindland
0%
Meathead Matt Mitrione
0%
Shogun Mauricio Rua
0%
The Machine Merab Dvalishvili
0%
Iron Michael Chandler
0%
Platinum Mike Perry
0%
Cro Cop Mirko Filipovic
0%
King Mo Muhammad Lawal
0%
N/A Nick Diaz
0%
The Miner Nikita Krylov
0%
Russian Bear Oleg Taktarov
0%
N/A Pat Barry
0%
New York Bad Ass Phil Baroni
0%
N/A Quillan Salkilld
0%
Ruthless Robbie Lawler
0%
The Red King Rory Macdonald
0%
N/A Royce Gracie
0%
Big Country roy nelson
0%
Darth Ryan Bader
0%
Super Sage Sage Northcutt
0%
Hands Of Stone Sam Stout
0%
Muscle Shark Sean Sherk
0%
The Paratrooper Sergei Kharitonov
0%
N/A Sergey Pavlovich
0%
Silverback Seth Petruzelli
0%
The Engineer Shane Carwin
0%
The King Spencer Fisher
0%
Wonderboy Stephen Thompson
0%
Ninja Cop Steve Jennum
0%
Barbarian Tim Boetsch
0%
Maneiac Tim Sylvia
0%
Duffman Todd Duffee
0%
Hapa Travis Browne
0%
California Kid Uriah Faber
0%
N/A Valter Walker
0%
No Time Volkan Oezdemir
0%
3 WIll Brooks
0%
ZaBeast Zabit Magomedsharipov
0%
No matching quizzes found
Score Distribution
Percent of People with Each Score
Percentile by Number Answered
Your Score History
You have not taken this quiz